00354nam a22001097a 4500008004100000040005500041080002000096245005600116260005100172300000900223650001200232230221b |||||||| |||| 00| 0 eng d aNational Science LibrarycNational Science Library aR 539.1(03)bK3 aGlossary of atomic termsc/ Atomic Energy Authority aLondon: bAtomic Energy Authority, c1962 a62p. aScience